[Event "CZE-ch"]
[Site "Karlovy Vary"]
[Date "2004.02.25"]
[Round "9"]
[White "Stocek, Jiri"]
[Black "Jansa, Vlastimil"]
[Result "1/2-1/2"]
[WhiteElo "2552"]
[BlackElo "2477"]
[Annotator "Finkel,A"]
[PlyCount "119"]
[EventDate "2004.02.17"]
[EventType "tourn"]
[EventRounds "11"]
[EventCountry "CZE"]
[EventCategory "11"]
[SourceTitle "CBM 100"]
[Source "ChessBase"]
[SourceDate "2004.06.01"]
[SourceVersion "1"]
[SourceVersionDate "2004.06.01"]
[SourceQuality "1"]

1. d4 Nf6 2. Bg5 g6 3. Nc3 d5 4. Qd2 Bg7 5. Bh6 Bxh6 6. Qxh6 c5 7. dxc5 {
The whole line is quite harmless for black, so this move is not an exception.}
(7. e3 Nc6 (7... Qb6 8. O-O-O Nc6 9. Nf3 Bg4 10. Be2 O-O-O 11. a3 cxd4 12. exd4
Ne4 13. Qe3 Nxc3 14. Qxc3 Kb8 $11 {Davie,A-Corden,M/Coventry 1970}) (7... cxd4
8. exd4 Nc6 9. Bb5 Bd7 10. Nf3 Qb6 11. O-O O-O-O 12. Qe3 e6 13. a4 $14 {
Sulava,N-Duda,R/Metz 2000}) 8. O-O-O Qa5 9. dxc5 Qxc5 10. Nge2 Be6 11. Nd4
O-O-O 12. Be2 a6 13. h3 $14 {Prins,L-Petrosian,T/Leipzig 1960}) 7... Qa5 8.
O-O-O (8. e3 Bf5 9. Bb5+ Bd7 10. Bxd7+ Nbxd7 11. Nge2 Qxc5 12. O-O O-O-O {
1/2-1/2 Cech,P-Klima,L/Czechia 1999/EXT 2000 (12)}) 8... Nc6 9. Nf3 Qxc5 10. e3
Bg4 11. Be2 (11. Qf4 Bxf3 12. gxf3 O-O 13. h4 Nh5 14. Qg5 e6 15. Rg1 Kh8 16. f4
Qe7 $13 {Boguszlavszkij,J-Gyorkos,L/Hungary 2002}) 11... O-O-O 12. h3 Bxf3 13.
Bxf3 d4 {Black is trying to simplify the position initiating multiple trades.}
14. exd4 Nxd4 15. Qe3 Ne6 (15... Rd7 16. Rd3 Rhd8 17. Rhd1 h5 18. g3 Ne6 19.
Qxc5+ Nxc5 20. Rxd7 Rxd7 21. Re1 $11) 16. Qxc5+ Nxc5 17. Rxd8+ Rxd8 18. Re1 e6
19. b4 Na6 20. a3 $14 Nc7 21. Ne4 Nxe4 22. Rxe4 b6 (22... Nb5 23. a4 Nd4 24.
Bd1 h5 25. c3 Nf5 26. Kc2 Nd6 27. Re1 Kc7 $11) 23. c3 Rd6 24. Kc2 Kd7 25. c4 f5
26. Re3 Ke7 27. Kc3 Kf6 28. c5 Rd8 29. cxb6 (29. Rd3 Nb5+ 30. Kc4 Rxd3 31. Kxd3
Nxa3 32. Bc6 bxc5 33. bxc5 e5 34. Kc3 Ke6 $11) 29... axb6 30. a4 e5 31. Bb7 e4
32. Kb3 $1 (32. a5 Nb5+ 33. Kb3 bxa5 34. bxa5 Rb8 35. a6 Nd6 36. Kb2 Nxb7 37.
Rb3 Ke5 38. a7 Ra8 39. Rxb7 h6 $11) 32... Ne6 33. f3 Rd7 34. Bc8 Rd2 35. fxe4 (
35. Bxe6 Kxe6 36. fxe4 f4 37. Rc3 Rxg2 38. a5 bxa5 39. bxa5 Rg1 40. Kb2 Rg2+
41. Kb3 Rg1 $11) 35... f4 36. e5+ Kf5 $6 (36... Ke7) 37. Rc3 $6 {Missing the
chance to get some winning prospects after} (37. g4+ $1 fxg3 (37... Kg5 $2 38.
Re4 Nd4+ 39. Kc3 f3 40. Kxd2 f2 41. h4+ $18) 38. Rxg3 Re2 39. a5 bxa5 40. bxa5
Kxe5 41. Bxe6 Kxe6 42. a6 Kd5 43. Rc3 Re8 44. Kb4 $16) 37... Kxe5 38. Bxe6 Kxe6
39. Rc2 Rd6 40. a5 bxa5 41. bxa5 g5 42. Ra2 Ra6 43. Kc4 h5 44. Kb5 Ra8 45. a6
g4 46. Kb6 gxh3 47. gxh3 Kf5 48. Ra5+ (48. Kb7 Rg8 49. a7 f3 50. a8=Q Rxa8 51.
Rxa8 Kf4 52. Kc6 f2 53. Kd5 Kg3 54. Rf8 Kg2 55. Ke4 f1=Q 56. Rxf1 Kxf1 57. Kf4
Ke2 58. Kg5 Ke3 59. Kxh5 Kf4 $11) 48... Ke4 49. Rxh5 f3 50. Rh7 Rb8+ 51. Ka5 (
51. Kc7 Rf8 $11) 51... Rb1 52. a7 Ra1+ 53. Kb6 f2 54. Rf7 Ke3 55. h4 Ke2 56. h5
Rb1+ 57. Kc7 Rc1+ 58. Kb8 Rb1+ 59. Kc8 Rc1+ 60. Kb8 1/2-1/2

[Event "Altensteig"]
[Site "Altensteig"]
[Date "1991.??.??"]
[Round "9"]
[White "Fauland, Alexander"]
[Black "Muse, Mladen"]
[Result "0-1"]
[WhiteElo "2475"]
[BlackElo "2445"]
[Annotator "Ftacnik,L"]
[PlyCount "76"]
[EventDate "1991.07.??"]
[EventType "tourn"]
[EventRounds "11"]
[EventCountry "GER"]
[EventCategory "11"]
[SourceTitle "CBM 025"]
[Source "ChessBase"]
[SourceDate "1991.12.01"]
[SourceVersion "1"]
[SourceVersionDate "1991.12.01"]
[SourceQuality "1"]

1. d4 Nf6 2. Nc3 d5 3. Bg5 Nbd7 4. e3 g6 (4... e6 5. Nf3 c5) 5. Bd3 Bg7 6. Nf3
c6 (6... O-O 7. O-O Re8 8. e4 dxe4 9. Nxe4 $14) 7. O-O O-O 8. Re1 (8. e4 dxe4
9. Nxe4 Qb6 10. Rb1 $14) 8... Qb6 9. Rb1 e5 $1 10. Bf1 (10. dxe5 Ng4 11. e6
fxe6 $10) (10. Nxe5 Nxe5 11. dxe5 Ng4 12. f4 $2 Nxe3 13. Na4 Nxd1+ 14. Nxb6
axb6 15. Rexd1 Rxa2 $17) 10... h6 11. Bh4 Re8 12. b4 Ne4 $1 13. Nxe4 dxe4 14.
Nd2 (14. Nxe5 Nxe5 15. dxe5 Bxe5 $10) 14... f5 15. Nc4 Qc7 16. dxe5 Nxe5 17.
Nd6 $6 (17. Bg3 Be6 $10) 17... Re6 18. Nxc8 Rxc8 19. Bg3 Rd6 20. Qc1 Rcd8 21.
Be2 (21. Bxe5 Bxe5 $15) 21... Qf7 22. Qa3 a6 23. Qa5 Rd5 24. Qb6 Rd2 25. a4 g5
26. b5 (26. Bxe5 Bxe5 27. b5 $22 axb5 28. axb5 Rxc2 29. Bd1 $1 Rc3 30. bxc6
Rxc6 31. Bb3 $1) 26... axb5 27. axb5 $2 (27. Bxe5 $1) 27... f4 $1 28. exf4 gxf4
29. Bh4 R8d6 30. bxc6 bxc6 31. Qb3 Qxb3 32. cxb3 Ng6 33. Bc4+ Kh7 34. g3 $8
Nxh4 35. gxh4 e3 $1 36. fxe3 f3 37. Rf1 Rg6+ 38. Kh1 Be5 {Ftacnik,L} 0-1

[Event "New York Hudson"]
[Site "New York"]
[Date "1993.??.??"]
[Round "5"]
[White "Yermolinsky, Alex"]
[Black "Kaidanov, Gregory S"]
[Result "0-1"]
[WhiteElo "2615"]
[BlackElo "2620"]
[Annotator "Ftacnik,L"]
[PlyCount "44"]
[EventDate "1993.??.??"]
[EventType "tourn"]
[EventRounds "9"]
[EventCountry "USA"]
[EventCategory "13"]
[SourceTitle "CBM 035"]
[Source "ChessBase"]
[SourceDate "1993.08.01"]
[SourceVersion "1"]
[SourceVersionDate "1993.08.01"]
[SourceQuality "1"]

1. d4 d5 2. Nc3 Nf6 3. Bg5 Nbd7 4. Nf3 e6 5. e4 h6 6. Bxf6 $5 (6. Bh4 g5 (6...
dxe4 7. Nxe4 Be7 $13) 7. Bg3 dxe4 (7... Nxe4 8. Nxe4 dxe4 9. Nd2 $13) 8. Nd2)
6... Nxf6 $1 7. Qe2 $1 (7. Bd3 Bb4) 7... Be7 (7... Bb4 $2 8. Qb5+ $18) (7...
dxe4 8. Nxe4 Nxe4 9. Qxe4 Qd5 10. Bd3 $14) (7... a6 8. exd5 (8. O-O-O $6 dxe4
9. Nxe4 Nxe4 10. Qxe4 Qd5) 8... Nxd5 9. Ne4) 8. e5 Nd7 9. O-O-O a6 10. h4 c5
11. g4 $6 (11. dxc5 Bxc5 $1 12. Nd4 $1 b5 13. f4 Qc7 $13) 11... b5 $6 (11... c4
$1 {/\ b5->}) 12. Bg2 $2 (12. dxc5 Bxc5) 12... b4 13. Nxd5 (13. Nb1 Qa5 14. a3
bxa3 $40) (13. Na4 c4 14. Nd2 Rb8 15. f4 Qa5 16. b3 c3 17. Nf3 Nb6 18. Nxb6
Qxa2 $19) 13... exd5 14. dxc5 Nxc5 15. Nd4 Bb7 16. f4 (16. Nf5 g6 (16... O-O
17. Bxd5 Bxd5 18. Rxd5 Qc7 $17) 17. Nxe7 Qxe7 $17) 16... Ne6 17. Nxe6 fxe6 18.
g5 hxg5 19. hxg5 Rxh1 20. Rxh1 Qb6 21. Qh5+ Kd7 22. Qf7 Qe3+ (22... Qe3+ 23.
Kb1 Rf8 24. Qxg7 Qxf4 25. Rh7 $2 Qf1+ $1) 0-1

[Event "PCA-op"]
[Site "New York"]
[Date "1994.??.??"]
[Round "6"]
[White "Wojtkiewicz, Aleksander"]
[Black "Georgiev, Kiril"]
[Result "1-0"]
[WhiteElo "2550"]
[BlackElo "2615"]
[Annotator "Georgiev,Ki"]
[PlyCount "64"]
[EventDate "1994.??.??"]
[EventType "swiss"]
[EventRounds "11"]
[EventCountry "USA"]
[SourceTitle "CBM 042"]
[Source "ChessBase"]
[SourceDate "1994.10.01"]
[SourceVersion "1"]
[SourceVersionDate "1994.10.01"]
[SourceQuality "1"]

1. Nf3 Nf6 2. Nc3 $5 d5 (2... c5 $5 3. d4 cxd4 4. Nxd4 d5 $10) 3. d4 Bf5 4. Bg5
Nbd7 5. e3 e6 6. Bd3 Bg6 (6... Be7 7. Bxf5 exf5 8. Qd3 g6 9. Bxf6 Nxf6 10. Qb5+
Kf8 11. Qxb7 Rb8 12. Qxa7 Rxb2 13. O-O Kg7 14. Rab1 $14) (6... Bxd3 7. Qxd3 Be7
$10) 7. e4 Be7 $6 (7... dxe4 8. Nxe4 Be7 9. Nxf6+ Bxf6 10. Bxf6 Qxf6 11. O-O
O-O-O 12. c3 $10) 8. exd5 exd5 {Nd5=} (8... Nxd5 9. Nxd5 exd5 10. Bxg6 Bxg5 $1
$10) 9. O-O Bh5 $6 (9... O-O 10. Re1 Re8 11. Bxg6 hxg6 12. Qd3 c6 13. Re2 Bd6
$10) 10. Re1 O-O 11. Bf5 $1 $14 Re8 12. Qd3 c6 13. Re2 h6 14. Bh4 Qc7 $2 (14...
Bg4 15. Rae1 Bxf5 16. Qxf5 g6 17. Qd3 Kg7 18. h3 Ng8 $14) 15. Rae1 Kf8 $2 (
15... Bb4 16. Rxe8+ Rxe8 17. Rxe8+ Nxe8 18. g4 Bxc3 19. bxc3 Bg6 20. Bxg6 fxg6
21. Qxg6 Nef6 22. Bxf6 Nxf6 23. Ne5 $14) 16. g4 $1 $16 Bg6 17. Bxg6 fxg6 18.
Bg3 (18. g5 $1 hxg5 19. Nxg5 $18) 18... Bd6 19. Qxg6 Rxe2 20. Rxe2 Bxg3 21.
hxg3 Qd6 $6 (21... Re8 22. g5 $1 Rxe2 23. gxf6 $18) 22. g5 Ne4 23. Qf5+ Kg8 24.
Nxe4 dxe4 25. Qxe4 Nf8 26. gxh6 Qxh6 27. Kg2 Rd8 28. c3 Rd5 29. Qe8 Rf5 30. Re5
Rf6 31. Re3 a5 32. a4 Qh7 $138 1-0

[Event "Montreal 1st"]
[Site "Montreal"]
[Date "2000.08.04"]
[Round "2"]
[White "Miladinovic, Igor"]
[Black "Smagin, Sergey"]
[Result "0-1"]
[WhiteElo "2563"]
[BlackElo "2605"]
[Annotator "Gershon,A"]
[PlyCount "77"]
[EventDate "2000.08.03"]
[EventType "tourn"]
[EventRounds "11"]
[EventCountry "CAN"]
[EventCategory "9"]
[SourceTitle "CBM 079"]
[Source "ChessBase"]
[SourceDate "2000.11.21"]
[SourceVersion "1"]
[SourceVersionDate "2000.11.21"]
[SourceQuality "1"]

1. d4 d5 2. Nc3 Nf6 3. Bg5 c5 4. Bxf6 {I'm not surewhite even has equality in
htis line} gxf6 {there are two main options for white in this position.While
keeping the position closed (5.e3) sounds like a more reasonable one to me ,
neither one of them seems to yield white any advantage} 5. e4 $6 (5. e3 e6 (
5... Nc6 6. Qh5 e6 7. O-O-O f5 8. f4 c4 (8... cxd4 $5 9. exd4 Bb4) 9. g4 $6 {
too adventurous} fxg4 10. e4 Ne7 11. f5 exf5 12. exd5 Qd6 13. Re1 a6 $17 {
0-1 Knaak,R-Georgiev,V/Germany 1999/EXT 2000 (46)}) (5... cxd4 6. exd4 h5 7.
Be2 h4 8. Bf3 e6 9. Qe2 Nc6 10. Bxd5 Nxd4 11. Qe4 e5 12. Bxb7 Bxb7 13. Qxb7 Rb8
14. Qe4 Rxb2 $17 {0-1 Navinsek,T-Avrukh,B/Ljubljana 1998/EXT 99 (25)}) 6. Nge2
Nc6 7. g3 Qb6 8. dxc5 Bxc5 9. Bg2 Qxb2 10. O-O Qa3 11. e4 dxe4 12. Nxe4 Be7 13.
Nd4 Nxd4 14. Qxd4 e5 15. Qd2 f5 16. Ng5 Qc5 17. Bd5 Bxg5 18. Qxg5 Qxd5 19. Rad1
Qa5 20. Rd6 Qc7 (20... Rf8 21. Rfd1 Be6 22. Qf6 Qc7 23. Qxe5 $44) 21. Rfd1 Be6
22. Qg7 Rc8 $4 (22... Ke7 23. Qxe5 Qc8 24. Rxe6+ $1 Qxe6 25. Qc3 $13 {[%cal
Gc3c7,Gd1e1]}) 23. Qxh8+ Ke7 24. Qxe5 Qc3 25. Rd7+ {1-0 Mensch,E-Gofshtein,L/
Paris FRA 2000/The Week in Chess 298 (25)}) 5... dxe4 6. dxc5 (6. d5 $6 {
I don't think white has sufficient compensation for the pawn} f5 7. Bb5+ (7.
Qh5 Bg7 8. Bb5+ (8. Nge2 Qb6 9. O-O-O Qh6+ 10. Qxh6 Bxh6+ 11. Kb1 Nd7 12. Ng3
Nf6 13. f3 e3 14. Bb5+ Kf8 15. Rhe1 Rg8 16. Nf1 f4 17. g3 Bh3 18. Ne2 Nh5 $17 {
0-1 Hebden,M-Milov,V/Isle of Man 1995/EXT 97 (40)}) 8... Kf8 9. Nh3 Qd6 10. Be2
Qh6 11. Ng5 Qxh5 12. Bxh5 Nd7 13. Rd1 (13. Nxf7 Nf6 $19) 13... Bxc3+ 14. bxc3
Nf6 15. Be2 Rg8 16. Nh3 Rxg2 $19 {0-1 Mestrovic,Z-Sermek,D/Tucepi 1996/EXT 98 
(44)}) 7... Nd7 8. Qh5 a6 9. Bxd7+ Bxd7 10. Nh3 Qb6 11. O-O Bg7 12. Rad1 O-O
13. d6 e6 14. Rfe1 Qd8 15. Re3 Qf6 16. Rg3 Kh8 17. Ng5 Qg6 18. Qh4 Bf6 $19 {
0-1 Gombac,J-Jelen,I/Kranj 1999/EXT 2000 (41)}) 6... f5 {The easiest way to
prove black is OK, even more than OK. Black will wither have a pair of strong
B's in an open position or an extra pawn (if white changes the B's on d7 the
'c5' pawn will fall)} (6... Qa5 7. Qd5 a6 8. Qxe4 Nc6 9. O-O-O f5 10. Qe3 Be6
11. a3 Bg7 12. Nge2 Ne5 13. Nd4 Ng4 14. Qe2 Bxd4 15. Rxd4 Qxc5 16. Qd2 Rc8 17.
f4 Nf6 18. Be2 O-O 19. h3 $36 {0-1 Goldin,A-Aseev,K/Podolsk 1990/TD (47)}) 7.
Bb5+ $146 (7. Qxd8+ Kxd8 8. O-O-O+ Nd7 9. g4 Bg7 10. Nge2 fxg4 11. Nxe4 f5 12.
Ng5 Bh6 13. h4 gxh3 14. f4 Bxg5 15. fxg5 Kc7 16. Nf4 e5 17. Ne6+ Kb8 18. Bxh3
f4 19. Bg2 $16 {[%cal Gg5g6] 1-0 Lipski,T-Lorenc,M/Wisla 1998/EXT 2000 (38)})
7... Bd7 8. Nge2 (8. Bxd7+ Nxd7 9. Qd5 e6 10. Qxb7 Rb8 11. Qxa7 Bxc5 12. Qa4
Rg8 {the black pieces are too active}) 8... Nc6 9. Qd2 e6 10. O-O Rg8 $1 (10...
Bxc5 $2 11. Nxe4 $1 fxe4 12. Qc3 $36 {[%cal Yc3c5,Yc3h8]}) 11. Rad1 Bxc5 {
white has almost no compensation for the pawn} 12. Na4 (12. Ng3 Rg6 $17) (12.
Qh6 Qg5 13. Qxg5 Rxg5 $19) (12. a3 $142 Bf8 $1 {[%cal Gd8e7,Ya8d8]} (12... Qe7
13. Na4) (12... Ne5 $140 13. Bxd7+ Qxd7 14. Qh6 Bd6 $1 {[%cal Ge5f3]} 15. Ng3
$44)) 12... Bb4 13. c3 Bf8 14. b4 Ne5 {Now black comfortably changes all
white's active pieces, turning this game into a matter of technique on move 14.
} 15. Bxd7+ Qxd7 16. Qxd7+ Nxd7 17. f3 Nf6 (17... exf3 18. Rxf3 Nf6 $17 {
[%cal Gf6e4]}) 18. Nd4 Rd8 19. Rfe1 exf3 20. Nxf3 Rxd1 21. Rxd1 Nd5 22. Nd4 a6
$1 {[%csl Rc3][%cal Gb7b5] It's not a pawn sacrifice. Black recaptures the
pawn (c3).} 23. Nxf5 b5 24. Nc5 Rg5 $1 {Go away!} 25. Nd4 Nxc3 26. Rd3 Bxc5 27.
bxc5 Rxc5 {The rest needs no comment} 28. Nb3 Rc7 29. Rd6 Ra7 30. a3 Nb1 31.
Nc5 Nxa3 32. Nxa6 Nc4 33. Rc6 Ne5 34. Rb6 Nd7 35. Rc6 Ne5 36. Rb6 Nd7 37. Rc6
Rb7 38. Rc7 Rxc7 (38... Rb6 $19) 39. Nxc7+ 0-1

[Event "RUS-chT 09th Group1"]
[Site "Ekaterinburg"]
[Date "2002.05.22"]
[Round "6"]
[White "Dmitriev, Igor"]
[Black "Alekseev, Evgeny V"]
[Result "1/2-1/2"]
[WhiteElo "2385"]
[BlackElo "2567"]
[Annotator "Hecht,H"]
[PlyCount "131"]
[EventDate "2002.05.17"]
[EventType "team-tourn"]
[EventRounds "7"]
[EventCountry "RUS"]
[SourceTitle "CBM 090"]
[Source "ChessBase"]
[SourceDate "2002.09.20"]
[SourceVersion "1"]
[SourceVersionDate "2002.09.20"]
[SourceQuality "1"]
[WhiteTeam "Saratov GShK"]
[BlackTeam "Sankt Petersburg Lentransgaz"]
[WhiteTeamCountry "RUS"]
[BlackTeamCountry "RUS"]

1. d4 Nf6 2. Nc3 d5 3. Bg5 Nbd7 4. e3 e6 5. Nf3 Be7 6. a4 c5 7. Bb5 O-O 8. O-O
a6 9. Bxd7 Bxd7 10. Ne5 Be8 11. a5 Nd7 12. Bxe7 Qxe7 13. Nd3 cxd4 14. exd4 Nb8
15. Re1 Qf6 16. Ne5 Nc6 17. Qd2 Rc8 18. Nd1 Nxe5 19. Rxe5 Qe7 20. c3 f6 21. Re1
Bg6 22. Ne3 Qd7 23. Nc2 Rfe8 24. Nb4 Qb5 25. Re3 Rcd8 26. Nd3 e5 27. Nc5 Re7
28. Qe2 Qc6 29. Qd1 Qc7 30. Ra3 Be8 31. Qf3 Bc6 32. Ra1 Rde8 33. b4 e4 34. Qg3
g5 35. Rae1 Rg7 36. f3 f5 37. Qxc7 Rxc7 38. fxe4 fxe4 39. Rf1 Rf7 40. Rxf7 Kxf7
41. Kf2 Kg6 42. Re1 Re7 43. Ke3 Rf7 44. Rd1 Rf5 45. Rc1 h5 46. c4 dxc4 47. Rxc4
Rf1 48. Rc3 Re1+ 49. Kf2 Rb1 50. Nxa6 Rb2+ 51. Ke1 Rxg2 52. Nb8 Bb5 53. d5 Rxh2
54. d6 Re2+ 55. Kd1 e3 56. d7 Rd2+ 57. Ke1 Bxd7 58. Rxe3 Rd6 59. Nxd7 Rxd7 {
[#] Weiß erreicht die Bildung eines Freibauern mit Turmunterstützung von
hinten, was den eigenen Turm in einer aktiven, den gegenerischen Turm in einer
passiven Position hinterlässt. Damit können die verbundenen Freibauern des
Schwarzen leicht kontrolliert werden.} 60. b5 {[%cal Ge3a3,Ga5a6]} Rd5 (60...
g4 61. a6 bxa6 62. bxa6 Kg5 63. Ra3 Ra7 64. Kf2 $11) 61. Re6+ Kf5 62. Rb6 Rd7
63. a6 bxa6 64. bxa6 h4 {Schwarz kann die Hinterstellung des weißen Turms
nicht vermeiden.} ({denn} 64... Rd5 65. a7 Ra5 66. Rb5+ {scheitert aus
taktischen Gründen}) 65. Rb5+ Kf4 66. Ra5 1/2-1/2

[Event "Hastings 9899"]
[Site "Hastings"]
[Date "1999.01.06"]
[Round "8"]
[White "Speelman, Jonathan S"]
[Black "Saltaev, Mihail"]
[Result "1-0"]
[WhiteElo "2600"]
[BlackElo "2525"]
[Annotator "Hecht,H"]
[PlyCount "97"]
[EventDate "1998.12.29"]
[EventType "tourn"]
[EventRounds "9"]
[EventCountry "ENG"]
[EventCategory "13"]
[SourceTitle "CBM 069"]
[Source "ChessBase"]
[SourceDate "1999.04.01"]
[SourceVersion "1"]
[SourceVersionDate "1999.04.01"]
[SourceQuality "1"]

1. d4 Nf6 2. Bg5 d5 3. e3 c5 4. Nc3 Nc6 5. a3 e6 6. Nf3 Qb6 7. dxc5 Bxc5 8. Bd3
Be7 9. h3 O-O 10. O-O Rd8 11. Qe2 g6 12. Rfd1 Bd7 13. Rab1 Be8 14. e4 dxe4 15.
Nxe4 Nxe4 16. Qxe4 Bxg5 17. Nxg5 Qd4 18. c3 Qxe4 19. Bxe4 Rxd1+ 20. Rxd1 Rd8
21. Rxd8 Nxd8 22. f4 f6 23. Nf3 Bc6 24. Bxc6 Nxc6 25. Kf2 Kf7 26. Ke3 Ke7 27.
Nd4 Kd6 28. Nxc6 Kxc6 {[#] Schwarz richtet sich in der Folge auf totale
Passivität ein, in der Hoffnung, daß sein Bauernblock e6-h6 den weißen König
dauerhaft aussperrt.} 29. c4 Kc5 (29... Kd6 30. Ke4 e5 31. fxe5+ fxe5 32. b4 b6
33. g4 $18 {mit großem Raumvorteil und Gewinn infolge Zugzwang mit der
Möglichkeit c5, falls Ke6 folgt. Andererseits darf Schwarz nicht Kf5 zulassen.
Ihm gehen aber rasch die Bauernzüge aus.}) 30. Kd3 h6 31. b4+ Kc6 32. Kd4 {[#]}
Kd6 $2 (32... b6 $1 {verhindert das weitere Vorgehen der weißen Bauern nach c5
und b5 und hält m.E. remis. Auf g4 oder h4 folgt g5 bzw. h5. Ein Beispiel:} 33.
b5+ Kd6 34. h4 e5+ 35. fxe5+ fxe5+ 36. Ke4 h5 37. a4 Kc5 $2 (37... Ke6 $1 38.
Kd3 (38. c5 $2 bxc5 39. a5 Kd6 40. a6 Kc7 $19) 38... Kd6 39. Ke4 $11) 38. Kxe5
Kxc4 39. Kf6 Kb4 40. Kxg6 Kxa4 41. Kxh5 Kxb5 42. Kg5 $1 $18) 33. c5+ Kc6 34. a4
Kc7 35. b5 Kd7 36. Ke4 Kc7 37. Kf3 {Der Textzug a6 erlaubt dem Weißen den
Einbruch über das schwach gewordene Feld b6. Ohne a6 muß Weiß einen Durchbruch
am Königsflügel suchen.} a6 {[%mdl 20480] Es folgt ein kleiner Exkurs in die
Theorie der elementaren Bauernendspiele.} (37... h5 38. g4 h4 39. g5 f5 40. Ke3
$18 {[%csl Re6,Rg6][%cal Ye3d4,Yd4e5]}) (37... Kd7 38. g4 {[%cal Rg4g5]} (38.
h4 {[%cal Rg2g4,Rg4g5]} h5 39. g4 {[%cal Rg4g5]} hxg4+ 40. Kxg4 Kc7 41. h5
gxh5+ 42. Kxh5 Kd7 43. Kg6 Ke7 (43... f5 44. Kf6 a6 45. c6+ $18) (43... e5 44.
fxe5 fxe5 45. Kf5 a6 46. Kxe5 axb5 47. axb5 Ke7 {[#]} 48. c6 bxc6 (48... Kd8
49. Kd6 Kc8 50. c7 b6 51. Ke6 Kxc7 52. Ke7 Kc8 53. Kd6 Kb7 54. Kd7 Kb8 55. Kc6
Ka7 56. Kc7 Ka8 57. Kxb6 Kb8 58. Ka6 $18 (58. Kc6 $6 Ka7 59. Kc7 Ka8 60. Kb6
Kb8 61. Ka6 $1)) (48... b6 49. c7 Kd7 50. c8=Q+ $18) 49. bxc6 Ke8 50. Ke6 Kd8
51. Kd6 $18) 44. a5 f5 45. c6 bxc6 46. b6 axb6 47. a6 $18 {An dieser Stelle
kann man erkennen, daß das Auflösen der a-Bauern diesen Durchbruch jedenfalls
vereitelt.}) 38... g5 39. Kg3 gxf4+ 40. Kxf4 e5+ 41. Kf5 Ke7 42. h4 Kd7 43. g5
hxg5 44. hxg5 fxg5 {[#]} 45. Kxe5 $2 (45. Kxg5 $1 Ke6 46. a5 Kd7 (46... Kd5 47.
c6 bxc6 48. b6 axb6 49. a6 $18) 47. Kf5 a6 (47... Kc7 48. Kxe5 Kd7 49. Kd5 Kc7
50. b6+ axb6 51. axb6+ Kd7 52. Ke5 Kc6 53. Kd4 Kd7 54. Kd5 Kc8 55. Ke6 $1 (55.
c6 $2 Kb8 $1 56. c7+ Kc8 $11) 55... Kd8 56. Kd6 Kc8 57. Ke7 Kb8 58. Kd7 Ka8 59.
c6 bxc6 60. Kc7 $18) 48. bxa6 bxa6 49. Kxe5 Kc6 50. Kd4 Kc7 51. Kd5 Kd7 52. c6+
Kc8 53. Kc4 {Mit dem Dreiecksmanöver...} Kd8 54. Kd4 Kc8 55. Kd5 {...wird die
Zugpflicht auf Schwarz abgewälzt.}) 45... a6 46. Kf5 axb5 47. axb5 g4 48. Kxg4
Ke6 $11 {Es sieht also so aus, als würde Weiß auch ohne den Zug a7-a6 gewinnen.
}) 38. Ke4 axb5 39. axb5 Kd7 40. Kf3 Ke7 41. h4 h5 42. Ke4 Kd7 43. Kd4 Kc7 44.
Kc4 Kd7 45. Kb4 Kc7 46. Ka5 Kc8 47. Kb6 e5 48. fxe5 fxe5 49. Ka5 $1 (49. Ka7 $5
e4 50. b6 (50. c6 $4 b6 $19) 50... e3 51. c6 e2 52. cxb7+ Kd7 53. b8=Q e1=Q 54.
Qc7+ Ke6 55. Qc6+ $18) 1-0

[Event "Alushta3"]
[Site "Alushta"]
[Date "1993.??.??"]
[Round "?"]
[White "Morozevich, Alexander"]
[Black "Lazarev, Vladimir"]
[Result "1-0"]
[WhiteElo "2545"]
[BlackElo "2440"]
[Annotator "Kortschnoj,V"]
[PlyCount "43"]
[EventDate "1993.08.??"]
[EventType "tourn"]
[EventRounds "11"]
[EventCountry "UKR"]
[EventCategory "9"]
[SourceTitle "CBM 038"]
[Source "ChessBase"]
[SourceDate "1994.02.01"]
[SourceVersion "1"]
[SourceVersionDate "1994.02.01"]
[SourceQuality "1"]

1. d4 d5 2. Nc3 Nf6 3. Bg5 Nbd7 4. f3 c6 5. e4 dxe4 6. fxe4 Qb6 (6... e5 7.
dxe5 Qa5 $10) 7. Nf3 e5 (7... Qxb2 $13) 8. dxe5 Ng4 $2 (8... Qxb2 $13) 9. Qd2
Ndxe5 10. h3 $1 $16 Nxf3+ 11. gxf3 Ne5 12. O-O-O Be6 13. Be3 Qa5 $2 (13... Qc7
14. f4 Nc4 15. Bxc4 Bxc4 16. Qd4 Ba6 17. f5 $16) 14. f4 Nf3 15. Qf2 $18 Bb4 16.
Nb1 Qxa2 17. Qxf3 Qa1 18. c3 Ba5 19. Bd3 Ba2 20. Qh5 O-O-O 21. Qf5+ Kb8 22.
Bxa7+ 1-0